[Event "51 CIS serie B/5"]
[Site "?"]
[Date "2019.03.16"]
[Round "2.4"]
[White "De Palma, Fabrizio"]
[Black "Battagin, Mosè"]
[Result "1/2-1/2"]
[WhiteElo "2064"]
[BlackElo "1757"]
[PlyCount "131"]
[EventDate "2019.??.??"]
[WhiteTeam "Scacchi Club Piacenza"]
[BlackTeam "M.I.C.H.A. Knights"]

1. d4 d6 2. e4 g6 3. Nc3 Bg7 4. Be3 Nf6 5. f3 c6 6. Qd2 b5 7. O-O-O Nbd7 8. Bh6
Bxh6 9. Qxh6 b4 10. Nce2 Qa5 11. Kb1 c5 12. Nc1 Bb7 13. Nh3 O-O-O 14. Qd2 Qc7
15. c3 a5 16. cxb4 cxb4 17. Nb3 Kb8 18. d5 Nc5 19. Nd4 Qb6 20. Nf4 Nfd7 21. Bb5
Ne5 22. Qe3 Rc8 23. Nfe2 Rc7 24. Rc1 Rhc8 25. h3 Ka7 26. f4 Ned7 27. Bc6 Ba6
28. Bxd7 Rxd7 29. Nc6+ Ka8 30. Rhd1 Rdc7 31. Ned4 Kb7 32. Ka1 a4 33. b3 Bb5 34.
bxa4 Bxa4 35. Re1 Bxc6 36. dxc6+ Kb8 37. Rb1 Ra7 38. Re2 Ra4 39. Reb2 Qa5 40.
Nb3 Nxb3+ 41. Qxb3 Rxc6 42. Qxa4 Qxa4 43. Rxb4+ Qxb4 44. Rxb4+ Ka7 45. Kb2 Rc5
46. a3 g5 47. f5 Re5 48. Kc3 Rc5+ 49. Rc4 Re5 50. g4 Kb7 51. Kd4 Kb8 52. a4 Kb7
53. Rb4+ Ka6 54. Rb8 Ka5 55. Ra8+ Kb6 56. a5+ Kb7 57. Re8 Ka6 58. Ra8+ Kb7 59.
Rh8 Rxa5 60. Rxh7 Ra4+ 61. Kd3 Ra3+ 62. Kc4 Ra4+ 63. Kb5 Rxe4 64. Rxf7 Re5+ 65.
Kc4 Kc7 66. Rg7 1/2-1/2

[Event "51 CIS serie B/5"]
[Site "?"]
[Date "2019.03.16"]
[Round "2.1"]
[White "Caposciutti, Maurizio"]
[Black "Zenari, Marco"]
[Result "1/2-1/2"]
[WhiteElo "2329"]
[BlackElo "2174"]
[PlyCount "60"]
[EventDate "2019.??.??"]
[WhiteTeam "Mattoallaprossima"]
[BlackTeam "Valpolicella 1"]

1. Nf3 g6 2. e4 c5 3. c3 d5 4. exd5 Qxd5 5. d4 cxd4 6. cxd4 Bg7 7. Nc3 Qd8 8.
Bc4 Nf6 9. O-O O-O 10. Bb3 Bg4 11. h3 Bxf3 12. Qxf3 Nc6 13. Be3 Nxd4 14. Bxd4
Qxd4 15. Qxb7 Qd7 16. Qf3 Rab8 17. Rad1 Qb7 18. Qxb7 Rxb7 19. Rfe1 e6 20. Re2
Rd7 21. Rxd7 Nxd7 22. Ne4 Rc8 23. Rd2 Rc1+ 24. Kh2 Be5+ 25. g3 Nc5 26. Nxc5
Rxc5 27. Rd8+ Kg7 28. Rd7 Rc7 29. Bxe6 Rxd7 30. Bxd7 Bxb2 1/2-1/2

[Event "51 CIS serie B/5"]
[Site "?"]
[Date "2019.03.16"]
[Round "2.2"]
[White "Fratton, Zeno"]
[Black "Russo, Leonardo"]
[Result "1/2-1/2"]
[WhiteElo "2067"]
[BlackElo "2061"]
[PlyCount "85"]
[EventDate "2019.??.??"]
[WhiteTeam "Valpolicella 1"]
[BlackTeam "Mattoallaprossima"]

1. c4 e5 2. Nc3 Nc6 3. g3 g6 4. Bg2 Bg7 5. Nf3 d6 6. d3 Nge7 7. O-O O-O 8. Rb1
a5 9. a3 f5 10. Nd5 h6 11. b4 axb4 12. axb4 Be6 13. Nd2 Qd7 14. b5 Nd8 15. b6
Bxd5 16. cxd5 c6 17. dxc6 Ndxc6 18. Bb2 Kh7 19. Ra1 Rxa1 20. Qxa1 d5 21. Nb3
Nc8 22. Nc5 Qf7 23. Qa2 Rd8 24. Qb3 Rd6 25. Na4 e4 26. dxe4 Bxb2 27. Nxb2 Nd4
28. Qe3 dxe4 29. Rd1 Qd7 30. Rb1 Nxb6 31. Bf1 Qc6 32. Rc1 Qd7 33. f3 exf3 34.
exf3 Ne6 35. Nd3 Qa4 36. Nc5 Qd4 37. Qxd4 Nxd4 38. Nxb7 Rd7 39. Nc5 Rc7 40. Kf2
Nd7 41. Nd3 Rxc1 42. Nxc1 Ne5 43. Bg2 1/2-1/2

[Event "51 CIS serie B/5"]
[Site "?"]
[Date "2019.03.16"]
[Round "2.3"]
[White "Marcucci, Massimiliano"]
[Black "Bertani, Gianfranco"]
[Result "1-0"]
[WhiteElo "1788"]
[BlackElo "1935"]
[PlyCount "79"]
[EventDate "2019.??.??"]
[WhiteTeam "Mattoallaprossima"]
[BlackTeam "Valpolicella 1"]

1. d4 d5 2. Nf3 e6 3. e3 Bd6 4. Bd3 f5 5. O-O Nf6 6. c4 c6 7. Nc3 O-O 8. Qc2
Ne4 9. Ne2 Nd7 10. b3 Qe7 11. Bb2 Ndf6 12. Rad1 Bd7 13. Ne5 Ng5 14. Nf4 Rfc8
15. f3 Nf7 16. e4 dxe4 17. fxe4 Bxe5 18. dxe5 Ng4 19. Rf3 Qc5+ 20. Kh1 Ng5 21.
b4 Qxb4 22. Rg3 Qc5 23. Rd2 Rf8 24. exf5 exf5 25. h3 Ne3 26. Qc3 Ne6 27. Ba3
Qb6 28. c5 Qd8 29. Nxe6 Bxe6 30. Rxe3 Qh4 31. Bb2 f4 32. Rf3 Kh8 33. Re2 Bg4
34. e6 Qh6 35. Qxg7+ Qxg7 36. Bxg7+ Kxg7 37. hxg4 b6 38. e7 Rfe8 39. Rxf4 bxc5
40. Bf5 1-0

[Event "51 CIS serie B/5"]
[Site "?"]
[Date "2019.03.16"]
[Round "2.4"]
[White "Passon, Stefano"]
[Black "Fabbrucci, Gabriele"]
[Result "1-0"]
[WhiteElo "1728"]
[BlackElo "1664"]
[PlyCount "95"]
[EventDate "2019.??.??"]
[WhiteTeam "Valpolicella 1"]
[BlackTeam "Mattoallaprossima"]

1. d4 d5 2. Nf3 Nf6 3. e3 e6 4. Bd3 Bd6 5. Nbd2 Nbd7 6. O-O O-O 7. b3 e5 8.
dxe5 Nxe5 9. Nxe5 Bxe5 10. Rb1 Re8 11. Nf3 Bg4 12. h3 Bh5 13. Be2 Bd6 14. Bb2
Bg6 15. Rc1 c6 16. c4 Be4 17. Ng5 Bg6 18. Nf3 Be4 19. Bd3 Qe7 20. Ng5 Be5 21.
Bxe5 Qxe5 22. Nxe4 dxe4 23. Be2 Rad8 24. Qc2 Qa5 25. Rfd1 Rxd1+ 26. Rxd1 Rd8
27. Rxd8+ Qxd8 28. b4 Qe7 29. c5 Nd5 30. a3 Qe5 31. Qc1 Kf8 32. Bc4 Ke7 33. g3
f6 34. Kg2 h6 35. Qd1 Qe6 $11 36. b5 Ke8 37. Qb3 Ke7 38. bxc6 bxc6 39. Kh2 Qd7
40. Qb1 Qe6 41. Qb8 Qd7 42. Qg8 g5 43. Qh7+ Kd8 44. Qxe4 Qf7 45. Qd4 Kc7 46. e4
g4 47. hxg4 h5 48. exd5 1-0

[Event "51 CIS serie B/5"]
[Site "?"]
[Date "2019.03.16"]
[Round "2.2"]
[White "Vianello, Enrico"]
[Black "Minieri, Filippo"]
[Result "1/2-1/2"]
[WhiteElo "2093"]
[BlackElo "2105"]
[PlyCount "196"]
[EventDate "2019.??.??"]
[WhiteTeam "Clodiense 2 Chioggia"]
[BlackTeam "S.S. Bergamo"]

1. Nf3 d5 2. d4 Nf6 3. c4 c6 4. g3 g6 5. Bg2 Bg7 6. O-O O-O 7. b3 Ne4 8. Bb2
Nd7 9. Nbd2 Nxd2 10. Qxd2 Nf6 11. e3 Ne4 12. Qe2 Bg4 13. h3 Bxf3 14. Bxf3 f5
15. Rfc1 Qd7 16. Rc2 e6 17. a4 a5 18. Ba3 Rfe8 19. Rd1 Bf8 20. Bxf8 Rxf8 21.
Qe1 Qe7 22. Rb2 Qa3 23. Rbb1 Qb4 24. Qxb4 axb4 25. Bxe4 fxe4 26. Rdc1 Ra5 27.
Rc2 Kf7 28. Rbc1 Ke7 29. Kg2 h5 30. Rf1 Rf3 31. h4 Kf6 32. Rfc1 g5 33. hxg5+
Kxg5 34. Rh1 Ra8 35. cxd5 exd5 36. Kf1 Raf8 37. Ke1 R3f7 38. Rf1 Kg4 39. Ke2
Kh3 40. Rcc1 Kg4 41. Rc5 Rf6 42. Rc2 R8f7 43. Rcc1 Rf3 44. Rc5 h4 45. gxh4 Kxh4
46. Rcc1 Kg5 47. Rg1+ Kf6 48. Rg2 Ke7 49. Rh1 Kd7 50. Rh6 Kc7 51. Rhg6 Kb6 52.
Rg8 Ka7 53. R8g3 Rf8 54. Rg7 R3f6 55. Rh2 Ka6 56. Rg1 b6 57. Rc1 R8f7 58. Rg2
Kb7 59. Rh2 Kc7 60. Rch1 c5 61. Rc1 Kd6 62. dxc5+ bxc5 63. Rd1 Rf5 64. Rd2 Ke5
65. Rc2 Rc7 66. Rh6 Rf6 67. Rh5+ Ke6 68. Rd2 Rd7 69. Rc2 Kd6 70. Rd2 Kc6 71.
Rc2 Rdf7 72. Ke1 Rd6 73. Rg5 Kb6 74. Rg8 Rc7 75. Rb8+ Ka6 76. Rxb4 Rdc6 77. Rb5
Rc8 78. b4 cxb4 79. Rxc6+ Rxc6 80. Rxb4 Rc5 81. Kd2 Ka5 82. Rd4 Kb6 83. Ke2
Rc2+ 84. Rd2 Rc5 85. f3 exf3+ 86. Kxf3 Ra5 87. Rd4 Kc6 88. Kf4 Kd6 89. Kf3 Ke5
90. Ke2 Rc5 91. Kd3 Rc1 92. Rb4 Ra1 93. Rh4 Ra3+ 94. Ke2 Ra2+ 95. Kf3 Ra3 96.
Rh5+ Kd6 97. Rh4 Ke5 98. Rb4 Ra2 1/2-1/2

[Event "51 CIS serie B/5"]
[Site "?"]
[Date "2019.03.16"]
[Round "2.3"]
[White "Carminati, Luigi"]
[Black "Bellemo, Davide"]
[Result "1/2-1/2"]
[WhiteElo "1799"]
[BlackElo "2104"]
[PlyCount "55"]
[EventDate "2019.??.??"]
[WhiteTeam "S.S. Bergamo"]
[BlackTeam "Clodiense 2 Chioggia"]

1. e4 e5 2. Nf3 Nc6 3. d4 exd4 4. Nxd4 Bc5 5. Nxc6 Qf6 6. Qf3 dxc6 7. Qxf6 Nxf6
8. Bd3 O-O 9. O-O Re8 10. Nc3 b5 11. Bg5 Bd4 12. Bxf6 Bxf6 13. Rab1 Be6 14. a3
a6 15. Ne2 c5 16. Nf4 c4 17. Nxe6 Rxe6 18. Be2 Rd8 19. Bf3 Rd2 20. c3 Red6 21.
Rfd1 a5 22. Kf1 b4 23. axb4 axb4 24. Be2 bxc3 25. bxc3 Rxd1+ 26. Rxd1 Rxd1+ 27.
Bxd1 Bxc3 28. Be2 1/2-1/2

[Event "51 CIS serie B/5"]
[Site "?"]
[Date "2019.03.16"]
[Round "2.4"]
[White "Aprile, Martino"]
[Black "Oteri, Aldo"]
[Result "0-1"]
[WhiteElo "1979"]
[BlackElo "1687"]
[PlyCount "68"]
[EventDate "2019.??.??"]
[WhiteTeam "Clodiense 2 Chioggia"]
[BlackTeam "S.S. Bergamo"]

1. e4 e6 2. c4 c5 3. Nc3 Nc6 4. g3 g6 5. Bg2 Bg7 6. Nge2 Nf6 7. O-O O-O 8. d3
d6 9. h3 a6 10. Be3 Rb8 11. f4 Bd7 12. e5 Ne8 13. Ne4 b6 14. d4 cxd4 15. Nxd4
Nxd4 16. Bxd4 dxe5 17. fxe5 Qc7 18. c5 bxc5 19. Bxc5 Bxe5 20. Bxf8 Kxf8 21. Qd2
Rxb2 22. Qh6+ Bg7 23. Qxh7 Bc6 24. Qh4 Rxg2+ 25. Kxg2 Bxa1 26. Rxa1 Qe5 27. Re1
f5 28. Qh6+ Kf7 29. Qd2 Bxe4+ 30. Kh2 Nf6 31. Qf2 Qc7 32. Re2 Qc1 33. Re1 Qc3
34. Re2 Ng4+ 0-1

[Event "51 CIS serie B/5"]
[Site "?"]
[Date "2019.03.16"]
[Round "3.1"]
[White "Boscolo, Federico"]
[Black "Rossato, Armando"]
[Result "1-0"]
[WhiteElo "2304"]
[BlackElo "2101"]
[PlyCount "101"]
[EventDate "2019.??.??"]
[WhiteTeam "Clodiense 2 Chioggia"]
[BlackTeam "M.I.C.H.A. Knights"]

1. e4 g6 2. d4 Bg7 3. Nf3 d6 4. Bc4 e6 5. O-O Ne7 6. Nbd2 a6 7. c3 O-O 8. Re1
b5 9. Bb3 Bb7 10. Nf1 Nd7 11. Ng3 c5 12. Be3 c4 13. Bc2 e5 14. Qd2 Qc7 15. Rad1
Rad8 16. Bh6 f6 17. h4 Bc8 18. a4 Nb6 19. axb5 axb5 20. Ra1 Bd7 21. Bxg7 Kxg7
22. b3 Ra8 23. Red1 Be6 24. bxc4 Nxc4 25. Qe2 Ra7 26. Bd3 Bg4 27. Rxa7 Qxa7 28.
Bxc4 bxc4 29. Qxc4 Rc8 30. Qd3 Qc7 31. Ne2 Qc4 32. Qxc4 Rxc4 33. Kf1 Nc6 34.
Nfg1 exd4 35. cxd4 Rb4 36. f3 Bd7 37. Rd2 Rb1+ 38. Kf2 Nb4 39. Nc3 Rb3 40. Nge2
Bc6 41. d5 Bb7 42. Rd1 Ba6 43. Rb1 Nd3+ 44. Kg3 Ra3 45. Rb6 f5 46. exf5 gxf5
47. Rxd6 Bc4 48. Rc6 f4+ 49. Nxf4 Nxf4 50. Rxc4 Rxc3 51. Rxf4 1-0

[Event "51 CIS serie B/5"]
[Site "?"]
[Date "2019.03.16"]
[Round "3.2"]
[White "Viaggi, Stefano"]
[Black "Vianello, Enrico"]
[Result "1-0"]
[WhiteElo "2016"]
[BlackElo "2093"]
[PlyCount "32"]
[EventDate "2019.??.??"]
[WhiteTeam "M.I.C.H.A. Knights"]
[BlackTeam "Clodiense 2 Chioggia"]

1. Nf3 d5 2. b3 c6 3. Bb2 Bg4 4. d3 Bxf3 5. exf3 Nd7 6. d4 e6 7. Bd3 Bd6 8. O-O
Ne7 9. Re1 O-O 10. Nd2 Re8 11. g3 Ng6 12. f4 Rc8 13. Nf3 Qc7 14. Ng5 Ndf8 15.
Qg4 Ne7 16. c4 a5 1-0

[Event "51 CIS serie B/5"]
[Site "?"]
[Date "2019.03.16"]
[Round "3.3"]
[White "Bellemo, Davide"]
[Black "Bordignon, Angelo"]
[Result "1-0"]
[WhiteElo "2104"]
[BlackElo "2004"]
[PlyCount "91"]
[EventDate "2019.??.??"]
[WhiteTeam "Clodiense 2 Chioggia"]
[BlackTeam "M.I.C.H.A. Knights"]

1. d4 f5 2. c4 Nf6 3. Nc3 g6 4. g3 Bg7 5. Bg2 d6 6. Nf3 O-O 7. O-O c6 8. d5 a5
9. Rb1 Qe8 10. b3 Na6 11. dxc6 bxc6 12. Na4 Ne4 13. Qe1 Nac5 14. Nxc5 Nxc5 15.
Bb2 e5 16. Ba3 e4 17. Ng5 h6 18. Nh3 g5 19. Bxc5 dxc5 20. Kh1 Qh5 21. Ng1 Qg6
22. e3 g4 23. Ne2 Be5 24. Nf4 Qg7 25. Qe2 h5 26. Nxh5 Qh6 27. Nf4 Ra7 28. Rfd1
Rh7 29. h4 gxh3 30. Bf1 Bd7 31. Kh2 Bc7 32. Qe1 Bc8 33. Qc3 Re8 34. a3 Rg7 35.
Re1 Rd8 36. b4 axb4 37. axb4 cxb4 38. Qxb4 Rgd7 39. c5 Kh7 40. Bxh3 Rd2 41. Rb2
Rxb2 42. Qxb2 Ba5 43. Rh1 Qg7 44. Qb3 Qe7 45. Kg2 Kg7 46. Qb2+ 1-0

[Event "51 CIS serie B/5"]
[Site "?"]
[Date "2019.03.16"]
[Round "3.4"]
[White "Battagin, Mosè"]
[Black "Aprile, Martino"]
[Result "0-1"]
[WhiteElo "1757"]
[BlackElo "1979"]
[PlyCount "74"]
[EventDate "2019.??.??"]
[WhiteTeam "M.I.C.H.A. Knights"]
[BlackTeam "Clodiense 2 Chioggia"]

1. e4 c6 2. d3 g6 3. Nf3 Bg7 4. g3 d6 5. Bg2 Nf6 6. O-O O-O 7. Nc3 e5 8. h3 a5
9. d4 Nbd7 10. dxe5 dxe5 11. a4 Qc7 12. Be3 Rd8 13. Nd2 b6 14. Re1 Ba6 15. Qf3
Nf8 16. Bf1 Bxf1 17. Kxf1 Ne6 18. Ne2 Nd7 19. Nb3 Qd6 20. c3 Ndc5 21. Nxc5 Nxc5
22. Bxc5 Qxc5 23. Rad1 Qc4 24. Qe3 c5 25. Kg1 Qxa4 26. Rd5 Rxd5 27. exd5 Qc2
28. Qc1 Qb3 29. c4 e4 30. Nc3 f5 31. Nd1 Bd4 32. Kh2 a4 33. Re2 b5 34. Rc2 b4
35. Re2 a3 36. bxa3 bxa3 37. Ne3 a2 0-1

[Event "51 CIS serie B/5"]
[Site "?"]
[Date "2019.03.16"]
[Round "3.1"]
[White "Zenari, Marco"]
[Black "Bresciani, Nicola"]
[Result "1/2-1/2"]
[WhiteElo "2174"]
[BlackElo "2171"]
[PlyCount "68"]
[EventDate "2019.??.??"]
[WhiteTeam "Valpolicella 1"]
[BlackTeam "S.S. Bergamo"]

1. e4 c5 2. Nf3 d6 3. d4 cxd4 4. Nxd4 Nf6 5. Nc3 a6 6. Bc4 e6 7. Bb3 b5 8. O-O
Be7 9. Qf3 Qc7 10. Qg3 O-O 11. Bh6 Ne8 12. Rad1 Bd7 13. f4 Nc6 14. Nxc6 Bxc6
15. f5 Kh8 16. f6 gxh6 17. fxe7 Qxe7 18. Qf2 Rd8 19. Qb6 Qc7 20. Qe3 Rg8 21.
Rf4 Qe7 22. Qf2 Rg7 23. Ne2 Nc7 24. Rf1 f5 25. Ng3 Bxe4 26. Nxe4 fxe4 27. Rxe4
Rdg8 28. g3 d5 29. Rf4 h5 30. Rf7 Rxf7 31. Qxf7 Qxf7 32. Rxf7 Rg7 33. Rf8+ Rg8
34. Rf7 Rg7 1/2-1/2

[Event "51 CIS serie B/5"]
[Site "?"]
[Date "2019.03.16"]
[Round "3.2"]
[White "Minieri, Filippo"]
[Black "Fratton, Zeno"]
[Result "0-1"]
[WhiteElo "2105"]
[BlackElo "2067"]
[PlyCount "132"]
[EventDate "2019.??.??"]
[WhiteTeam "S.S. Bergamo"]
[BlackTeam "Valpolicella 1"]

1. c4 c5 2. Nc3 Nc6 3. e3 Nf6 4. d4 cxd4 5. exd4 d5 6. c5 e5 7. dxe5 Nxe5 8.
Bb5+ Bd7 9. Qe2 Qe7 10. Bg5 Qe6 11. Bxf6 gxf6 12. Bxd7+ Nxd7 13. Nxd5 Qxe2+ 14.
Nxe2 O-O-O 15. c6 bxc6 16. Ndc3 Rg8 17. O-O Ne5 18. Ng3 Rg4 19. Rad1 Nd3 20. b3
Bb4 21. Na4 Rd5 22. f3 Rg6 23. Ne4 Nf4 24. g3 Rxd1 25. Rxd1 Nd5 26. Nec5 f5 27.
Nd3 Bd6 28. Kf2 f4 29. g4 Be7 30. Ne5 Bh4+ 31. Kg1 Re6 32. Nxc6 Rxc6 33. Rxd5
Rc1+ 34. Kg2 Rc2+ 35. Kh3 Bf2 36. Rf5 Bg1 37. Rxf4 Rxh2+ 38. Kg3 Rxa2 39. Rxf7
Bf2+ 40. Kf4 Ra3 41. Rxh7 Rxb3 42. Rh2 Rb4+ 43. Kf5 Bd4 44. Rc2+ Kb8 45. Ra2
Kb7 46. g5 a5 47. g6 Ka6 48. Nc5+ Bxc5 49. g7 Rb8 50. Kg6 Bd4 51. Kh7 Rb7 52.
Rg2 Rxg7+ 53. Rxg7 Bxg7 54. Kxg7 a4 55. f4 a3 56. f5 a2 57. f6 a1=Q 58. Kg6
Qg1+ 59. Kh7 Qh2+ 60. Kg6 Qg3+ 61. Kh6 Qh4+ 62. Kg6 Qh8 63. Kf7 Kb7 64. Ke7 Kc7
65. f7 Qd8+ 66. Ke6 Qf8 0-1

[Event "51 CIS serie B/5"]
[Site "?"]
[Date "2019.03.16"]
[Round "3.3"]
[White "Bertani, Gianfranco"]
[Black "Carminati, Luigi"]
[Result "1-0"]
[WhiteElo "1935"]
[BlackElo "1799"]
[PlyCount "91"]
[EventDate "2019.??.??"]
[WhiteTeam "Valpolicella 1"]
[BlackTeam "S.S. Bergamo"]

1. d4 Nf6 2. Bf4 d6 3. Nc3 c6 4. Nf3 g6 5. e4 Bg7 6. Qd2 Bg4 7. Bd3 Bxf3 8.
gxf3 Nbd7 9. O-O-O Qc7 10. h4 O-O-O 11. Qe3 e5 12. dxe5 dxe5 13. Bg5 Nb6 14. h5
h6 15. Bxf6 Bxf6 16. Kb1 Bg5 17. Qe2 gxh5 18. Rxh5 Rd4 19. Rdh1 f6 20. a3 Nd7
21. Qf1 Kb8 22. Ne2 Rd6 23. Ng3 Nc5 24. Nf5 Rd7 25. Be2 Ne6 26. Ne3 Nf4 27.
R5h2 Qb6 28. Bc4 Rd2 29. Bb3 Qd4 30. Nc4 Re2 31. Qd1 Rd8 32. Qxd4 exd4 33. Rd1
d3 34. c3 Ng6 35. Rf1 Nh4 36. Rh3 Ng2 37. Bd1 Re1 38. Rxe1 Nxe1 39. Ne3 d2 40.
Nf5 Nd3 41. Rh2 a6 42. Nd4 Ne5 43. Rh1 Rd7 44. Ne6 Nd3 45. Rh2 Ne1 46. f4 1-0

[Event "51 CIS serie B/5"]
[Site "?"]
[Date "2019.03.16"]
[Round "3.4"]
[White "Oteri, Aldo"]
[Black "Passon, Stefano"]
[Result "1-0"]
[WhiteElo "1687"]
[BlackElo "1728"]
[PlyCount "71"]
[EventDate "2019.??.??"]
[WhiteTeam "S.S. Bergamo"]
[BlackTeam "Valpolicella 1"]

1. f4 d5 2. e3 Nf6 3. Nf3 c5 4. Be2 Nc6 5. d3 g6 6. O-O Bg7 7. Nc3 O-O 8. e4
dxe4 9. dxe4 Qb6 10. e5 Rd8 11. Qe1 Ng4 12. h3 Nh6 13. g4 Nd4 14. Bc4 Nxc2 15.
Qe2 Nxa1 16. Be3 Be6 17. Rxa1 Bxc4 18. Qxc4 Qb4 19. Qe2 Kh8 20. a3 Qa5 21. Ne4
Rac8 22. Rc1 c4 23. Nfg5 a6 24. Qf2 Rd3 25. Bd2 Qd8 26. Bc3 Rd1+ 27. Rxd1 Qxd1+
28. Kh2 Rc6 29. Qa7 Qd7 30. Qf2 f5 31. Qh4 fxe4 32. Qxh6 Bxh6 33. e6+ Bg7 34.
exd7 Rd6 35. Nf7+ Kg8 36. Nxd6 1-0

[Event "51 CIS serie B/5"]
[Site "?"]
[Date "2019.03.16"]
[Round "3.2"]
[White "Russo, Leonardo"]
[Black "Bonadè, Massimo"]
[Result "1/2-1/2"]
[WhiteElo "2061"]
[BlackElo "2145"]
[PlyCount "174"]
[EventDate "2019.??.??"]
[WhiteTeam "Mattoallaprossima"]
[BlackTeam "Scacchi Club Piacenza"]

1. e4 c5 2. Nf3 d6 3. d4 Nf6 4. Nc3 cxd4 5. Nxd4 a6 6. Bg5 e6 7. f4 Be7 8. Qf3
Qc7 9. O-O-O Nbd7 10. g4 b5 11. Bxf6 Nxf6 12. g5 Nd7 13. f5 O-O 14. fxe6 fxe6
15. Nxe6 Rxf3 16. Nxc7 Bxg5+ 17. Kb1 Rb8 18. Ne8 Nc5 19. Nxd6 Be6 20. Nd5 Rf2
21. Nc7 Bg4 22. Rd5 Be3 23. Bd3 Bf3 24. Re1 Rxh2 25. a3 Bf4 26. Rxc5 Bxd6 27.
Nxa6 Bxc5 28. Nxb8 Bf2 29. Rf1 g5 30. Nc6 Rh1 31. Ne5 Rxf1+ 32. Bxf1 Bxe4 33.
Bxb5 h5 34. Be2 Bd4 35. Nf3 Bxf3 36. Bxf3 g4 37. Bg2 h4 38. b4 h3 39. Bf1 Kf7
40. c4 Ke6 41. Kc2 Ke5 42. Kd3 Kf4 43. Kxd4 h2 44. Bg2 Kg3 45. Be4 Kf2 46. c5
g3 47. c6 g2 48. Bxg2 Kxg2 49. c7 h1=Q 50. c8=Q Qa1+ 51. Kd5 Qxa3 52. Qg4+ Kh2
53. b5 Qa8+ 54. Kc5 Qf8+ 55. Kb6 Qb8+ 56. Kc5 Qc7+ 57. Kb4 Qe7+ 58. Kb3 Qe3+
59. Kc4 Qc1+ 60. Kd5 Qd2+ 61. Qd4 Qg2+ 62. Kc5 Qg5+ 63. Kc6 Qc1+ 64. Qc5 Qh1+
65. Qd5 Qc1+ 66. Kb7 Qe3 67. b6 Qe7+ 68. Kc6 Qe8+ 69. Qd7 Qe4+ 70. Kc7 Qc4+ 71.
Kb8 Qg8+ 72. Qc8 Qb3 73. b7 Kh1 74. Qc6+ Kg1 75. Qa6 Qg8+ 76. Ka7 Qf7 77. Qb6+
Kh1 78. Qc6+ Kg1 79. Ka8 Qa2+ 80. Kb8 Qh2+ 81. Ka7 Qa2+ 82. Qa6 Qf7 83. Ka8 Qd5
84. Qg6+ Kh1 85. Qb1+ Kh2 86. Qb2+ Kh1 87. Ka7 Qa5+ 1/2-1/2

[Event "51 CIS serie B/5"]
[Site "?"]
[Date "2019.03.16"]
[Round "3.3"]
[White "Tencati, Giuseppe"]
[Black "Fabbrucci, Gabriele"]
[Result "1-0"]
[WhiteElo "2160"]
[BlackElo "1664"]
[PlyCount "83"]
[EventDate "2019.??.??"]
[WhiteTeam "Scacchi Club Piacenza"]
[BlackTeam "Mattoallaprossima"]

1. d4 d5 2. c4 e6 3. Nc3 Nf6 4. cxd5 exd5 5. Bg5 c6 6. Qc2 Be7 7. e3 Nbd7 8.
Bd3 Nf8 9. Nf3 Bg4 10. Ne5 Bh5 11. Rc1 N6d7 12. Bf4 Nxe5 13. Bxe5 Bf6 14. Bg3
Bg6 15. O-O Bxd3 16. Qxd3 Ng6 17. b4 O-O 18. a4 Re8 19. b5 Rc8 20. bxc6 bxc6
21. Rfd1 Bg5 22. Rb1 Qd7 23. Qa6 Re7 24. Rb3 f5 25. Ne2 Rce8 26. h3 Rf7 27.
Rdb1 f4 28. exf4 Nxf4 29. Nxf4 Bxf4 30. Rb7 Qc8 31. Bxf4 Rxf4 32. Qxa7 Qa8 33.
Rxg7+ Kf8 34. Qc7 Qd8 35. Qxf4+ Kxg7 36. Rb7+ Re7 37. Qg5+ Kf7 38. Qxe7+ Qxe7
39. Rxe7+ Kxe7 40. a5 Kd7 41. f4 c5 42. dxc5 1-0

[Event "51 CIS serie B/5"]
[Site "?"]
[Date "2019.03.16"]
[Round "3.4"]
[White "Baldo, GentileGiona Gabriel"]
[Black "De Palma, Fabrizio"]
[Result "1/2-1/2"]
[WhiteElo "1541"]
[BlackElo "2064"]
[PlyCount "140"]
[EventDate "2019.??.??"]
[WhiteTeam "Mattoallaprossima"]
[BlackTeam "Scacchi Club Piacenza"]

1. c4 Nf6 2. Nf3 c5 3. Nc3 d5 4. cxd5 Nxd5 5. g3 Nc6 6. Bg2 e5 7. O-O Nc7 8. d3
Be7 9. Be3 Rb8 10. Rc1 O-O 11. Ne4 b6 12. Bd2 f6 13. a3 Bd7 14. Ne1 Nd4 15. e3
Nde6 16. Nc3 Be8 17. f4 exf4 18. gxf4 f5 19. Ne2 Bh5 20. Bf3 Bxf3 21. Rxf3 Bf6
22. Rb1 Kh8 23. Ng3 g6 24. Bc3 Nd5 25. Bxf6+ Qxf6 26. Qc1 Rbd8 27. Ne2 Rfe8 28.
Nc3 Nec7 29. Nd1 Re7 30. b4 cxb4 31. axb4 Nb5 32. Qb2 Qxb2 33. Rxb2 Rc7 34. Kf2
Rdc8 35. Ke2 Rc1 36. Kd2 Ra1 37. Nc2 Ra4 38. e4 Ndc3 39. Nxc3 Nxc3 40. exf5
gxf5 41. Ne3 Ra2 42. Rxa2 Nxa2 43. Nc2 Nc3 44. Ne3 Na2 45. Nc2 Nc3 46. Ne3 a5
47. bxa5 bxa5 48. Nc4 Ne4+ 49. Ke3 Nf6 50. Nxa5 Ng4+ 51. Kd4 Nxh2 52. Rh3 Ng4
53. Rh5 Rd8+ 54. Kc3 Rd5 55. Nb3 Kg7 56. Nd4 Ne3 57. Ne6+ Kg6 58. Rh3 Nd1+ 59.
Kc4 Rd6 60. Nf8+ Kg7 61. Nxh7 Nf2 62. Rf3 Nxd3 63. Rxd3 Rxd3 64. Kxd3 Kxh7 65.
Kd4 Kg7 66. Ke5 Kf8 67. Kxf5 Kf7 68. Kg5 Kg7 69. f5 Kf7 70. f6 Kf8 1/2-1/2

[Event "51 CIS serie B/5"]
[Site "?"]
[Date "2019.03.17"]
[Round "4.1"]
[White "Rossato, Armando"]
[Black "Caposciutti, Maurizio"]
[Result "0-1"]
[WhiteElo "2101"]
[BlackElo "2329"]
[PlyCount "44"]
[EventDate "2019.??.??"]
[WhiteTeam "M.I.C.H.A. Knights"]
[BlackTeam "Mattoallaprossima"]

1. d4 d6 2. e4 Nf6 3. Nc3 c6 4. f4 Qa5 5. Bd2 e5 6. Nd5 Qd8 7. Nxf6+ Qxf6 8.
Nf3 Bg4 9. fxe5 dxe5 10. dxe5 Qg6 11. Bd3 Nd7 12. Qe2 Qh5 13. Bc3 Nxe5 14. Bxe5
Bxf3 15. gxf3 Qxe5 16. O-O-O O-O-O 17. Kb1 f6 18. f4 Qxf4 19. Rhf1 Qc7 20. e5
Qxe5 21. Bf5+ Kc7 22. Rxd8 Qxe2 0-1

[Event "51 CIS serie B/5"]
[Site "?"]
[Date "2019.03.17"]
[Round "4.2"]
[White "Russo, Leonardo"]
[Black "Viaggi, Stefano"]
[Result "0-1"]
[WhiteElo "2061"]
[BlackElo "2016"]
[PlyCount "120"]
[EventDate "2019.??.??"]
[WhiteTeam "Mattoallaprossima"]
[BlackTeam "M.I.C.H.A. Knights"]

1. e4 g6 2. d4 Bg7 3. Nc3 a6 4. g3 d6 5. Bg2 Nc6 6. Nge2 e5 7. d5 Nce7 8. O-O
Nf6 9. h3 O-O 10. f4 exf4 11. Bxf4 Nd7 12. Qd2 Ne5 13. b3 Kh8 14. Bh6 Ng8 15.
Bxg7+ Kxg7 16. Rf2 Qe7 17. Raf1 Bd7 18. Nd4 Rae8 19. Nd1 Qd8 20. Kh2 Qc8 21.
Qg5 f6 22. Qd2 Nf7 23. Nc3 Ng5 24. h4 Nf7 25. Nd1 Ne5 26. Ne3 Nh6 27. Rf4 Nhg4+
28. Nxg4 Nxg4+ 29. Kg1 h5 30. Qc3 c5 31. Nf3 Qd8 32. Nd2 b5 33. Bh3 Qe7 34. Nf3
b4 35. Qd2 a5 36. Bxg4 Bxg4 37. Qc1 Bxf3 38. R1xf3 Qe5 39. Qd1 Re7 40. Rf1 Ref7
41. Qd3 f5 42. Qf3 Qe8 43. exf5 Rxf5 44. Rxf5 Rxf5 45. Qd3 Rxf1+ 46. Kxf1 Qe5
47. Kg2 Kf6 48. Qc4 Qd4 49. Kf3 Ke5 50. Qe2+ Kxd5 51. Qe8 Qc3+ 52. Kg2 Qxc2+
53. Kh3 Qf5+ 54. Kh2 Kd4 55. Qd8 d5 56. Qxa5 Qf2+ 57. Kh3 Ke4 58. Qb6 Qf5+ 59.
Kg2 d4 60. Qc6+ Ke3 0-1

[Event "51 CIS serie B/5"]
[Site "?"]
[Date "2019.03.17"]
[Round "4.3"]
[White "Bordignon, Angelo"]
[Black "Marcucci, Massimiliano"]
[Result "0-1"]
[WhiteElo "2004"]
[BlackElo "1788"]
[PlyCount "66"]
[EventDate "2019.??.??"]
[WhiteTeam "M.I.C.H.A. Knights"]
[BlackTeam "Mattoallaprossima"]

1. d4 d6 2. e4 g6 3. Ne2 Bg7 4. c4 Nf6 5. f3 O-O 6. Bg5 Nbd7 7. Qd2 e5 8. d5 a6
9. Nbc3 Qe8 10. g4 Nc5 11. Ng3 Rb8 12. h4 b5 13. h5 bxc4 14. Bxc4 Qd7 15. O-O-O
Rb4 16. b3 a5 17. hxg6 fxg6 18. Qh2 a4 19. Kc2 axb3+ 20. axb3 Ba6 21. Bxa6 Nxa6
22. Qh4 Nc5 23. Rb1 Qf7 24. Na2 Rb7 25. b4 Qd7 26. Nc3 Na4 27. Nce2 Qb5 28. Bd2
Qc4+ 29. Nc3 Rxb4 30. Rxb4 Qxb4 31. Rb1 Qc4 32. Qh1 Nxg4 33. fxg4 Rf2 0-1